[Event "Int. Stuttgarter Stadtmeisterschaft B"]
[Site "Ditzingen"]
[Date "2014.05.29"]
[Round "1.1"]
[White "Mavropoulos, Georgios"]
[Black "Kurpiela, Franz"]
[Result "1-0"]
[WhiteElo "1886"]
[BlackElo "1687"]
[PlyCount "61"]
[EventDate "2014.??.??"]
[WhiteTeam "DJK Stuttgart-S�d"]
[BlackTeam "TSG �hringen"]

1. e4 e5 2. Nf3 Nf6 3. Nxe5 d6 4. Nf3 Nxe4 5. d4 d5 6. Bd3 Bg4 7. O-O Be7 8.
Re1 f5 9. c4 c6 10. Nc3 Qa5 11. Bd2 Nxd2 12. Qxd2 Bxf3 13. gxf3 Qd8 14. cxd5
O-O 15. Qe3 Bb4 16. Rad1 Bxc3 17. bxc3 Qxd5 18. c4 Qf7 19. d5 cxd5 20. cxd5 Nd7
21. Kh1 Rfe8 22. Qd4 g6 23. Bc4 Qf6 24. d6+ Kg7 25. Re7+ Rxe7 26. dxe7 Ne5 27.
Qd8 Rxd8 28. exd8=Q Qc6 29. Bd5 Qc3 30. Bxb7 Nxf3 31. Qd3 1-0

[Event "Int. Stuttgarter Stadtmeisterschaft B"]
[Site "Ditzingen"]
[Date "2014.05.29"]
[Round "1.2"]
[White "Gheng, Christian"]
[Black "Lehmann, Stefan"]
[Result "1/2-1/2"]
[WhiteElo "1686"]
[BlackElo "1866"]
[PlyCount "61"]
[EventDate "2014.??.??"]
[WhiteTeam "TSV Sch�naich"]
[BlackTeam "Ssg Fils-Lauter e. V."]

1. e4 e5 2. Nf3 Nc6 3. Bb5 a6 4. Ba4 Nf6 5. O-O Be7 6. Re1 b5 7. Bb3 d6 8. c3
O-O 9. h3 Na5 10. Bc2 c5 11. d4 Qc7 12. d5 Bd7 13. Nbd2 Rfe8 14. Nf1 Nb7 15.
Ng3 g6 16. Bh6 Bf8 17. Qd2 Bg7 18. Bxg7 Kxg7 19. h4 Qc8 20. h5 Ng4 21. Qg5 Kh8
22. Nh2 Qd8 23. Qxd8 Raxd8 24. Nxg4 Bxg4 25. hxg6 hxg6 26. f3 Bc8 27. Kf2 Kg7
28. Rh1 Rh8 29. a4 Bd7 30. axb5 Bxb5 31. Ba4 1/2-1/2

[Event "Int. Stuttgarter Stadtmeisterschaft B"]
[Site "Ditzingen"]
[Date "2014.05.29"]
[Round "1.3"]
[White "Issaad, Pascal"]
[Black "Weisensel, Wolfgang"]
[Result "1-0"]
[WhiteElo "1864"]
[BlackElo "1685"]
[PlyCount "39"]
[EventDate "2014.??.??"]
[WhiteTeam "SV Stuttgart-Wolfbusch 1956 e.V."]
[BlackTeam "Stuttgarter SF 1879"]

1. e4 e5 2. Nc3 Nc6 3. g3 Nf6 4. Bg2 d6 5. Nge2 Be7 6. O-O O-O 7. d3 Be6 8. f4
Bg4 9. Be3 Bxe2 10. Qxe2 Qc8 11. f5 Nb8 12. g4 Rd8 13. g5 Ne8 14. Qh5 g6 15.
Qh4 h5 16. fxg6 fxg6 17. Bh3 Nd7 18. Be6+ Kh8 19. Rf7 Bf8 20. Rxf8+ 1-0

[Event "Int. Stuttgarter Stadtmeisterschaft B"]
[Site "Ditzingen"]
[Date "2014.05.29"]
[Round "1.4"]
[White "Merk, Daniel"]
[Black "Sch�mbs, Oliver"]
[Result "0-1"]
[WhiteElo "1677"]
[BlackElo "1864"]
[PlyCount "82"]
[EventDate "2014.??.??"]
[WhiteTeam "Schach-Pinguine Murrhardt e.V."]
[BlackTeam "SC Ingersheim e.V."]

1. d4 Nf6 2. c4 c5 3. d5 b5 4. Qc2 d6 5. e4 g6 6. b3 bxc4 7. bxc4 Bg7 8. Bb2
Nbd7 9. Bd3 O-O 10. Nd2 Rb8 11. f4 Rxb2 12. Qxb2 Nxe4 13. Qc2 Bxa1 14. Nxe4
Qa5+ 15. Nd2 Ba6 16. Ngf3 Rb8 17. O-O Bg7 18. Nb3 Qb4 19. Re1 Bf8 20. Rb1 Rb6
21. f5 Ne5 22. Nxe5 dxe5 23. fxg6 hxg6 24. Nd2 Qa3 25. Rxb6 axb6 26. Kf2 Bh6
27. Nb1 Qa5 28. Bxg6 Bc8 29. Bd3 Bd7 30. Nc3 Kg7 31. Ne4 f5 32. Ng3 e4 33. Be2
Bd2 34. Nf1 Bc3 35. Kg3 Be5+ 36. Kf2 Bd4+ 37. Kg3 Qe1+ 38. Kf4 Qh4+ 39. g4 Qf2+
40. Kg5 Bf6+ 41. Kh5 Be8# 0-1

[Event "Int. Stuttgarter Stadtmeisterschaft B"]
[Site "Ditzingen"]
[Date "2014.05.29"]
[Round "1.5"]
[White "Bannach, Joerg"]
[Black "Tsybulevsky, Juri"]
[Result "1-0"]
[WhiteElo "1863"]
[BlackElo "1676"]
[PlyCount "59"]
[EventDate "2014.??.??"]
[WhiteTeam "SF Augsburg"]
[BlackTeam "Stuttgarter SF 1879"]

1. e4 Nc6 2. Nf3 e6 3. d4 d5 4. e5 f5 5. b3 Bb4+ 6. c3 Ba5 7. a4 a6 8. Ba3 Nge7
9. Ng5 Ng8 10. Nf3 Nce7 11. b4 Bb6 12. Be2 Nh6 13. Bc1 Nf7 14. Ng5 Ng6 15. Nxf7
Kxf7 16. Bh5 Qh4 17. O-O Rf8 18. g3 Qd8 19. Nd2 Kg8 20. Nf3 c6 21. Qd2 Qe7 22.
b5 Rd8 23. a5 Ba7 24. b6 Bb8 25. Bxg6 hxg6 26. Ba3 Qf7 27. Ng5 Qe8 28. Qf4 Bd6
29. Bxd6 Rxd6 30. exd6 1-0

[Event "Int. Stuttgarter Stadtmeisterschaft B"]
[Site "Ditzingen"]
[Date "2014.05.29"]
[Round "1.6"]
[White "Wei�enberger, Mario"]
[Black "H�fele, Torsten"]
[Result "1-0"]
[WhiteElo "1673"]
[BlackElo "1855"]
[PlyCount "47"]
[EventDate "2014.??.??"]
[WhiteTeam "Ssg Fils-Lauter e. V."]
[BlackTeam "SVG Vaihingen/Enz"]

1. e4 e6 2. d4 d5 3. Nc3 h6 4. Nf3 Nf6 5. Bd3 Bb4 6. e5 Ne4 7. Bd2 Bxc3 8. bxc3
b6 9. O-O Ba6 10. Qe2 Bxd3 11. cxd3 Nxd2 12. Nxd2 Nc6 13. f4 Qe7 14. Nb3 O-O-O
15. Rad1 a5 16. Qb2 f5 17. c4 g5 18. Rc1 Nb4 19. Qb1 Na6 20. c5 a4 21. Nd2 Kb7
22. Qb5 Ra8 23. cxb6 cxb6 24. Rc6 1-0

[Event "Int. Stuttgarter Stadtmeisterschaft B"]
[Site "Ditzingen"]
[Date "2014.05.29"]
[Round "1.7"]
[White "Ellinger, Harald"]
[Black "Mejerski, Stephan"]
[Result "1/2-1/2"]
[WhiteElo "1854"]
[BlackElo "1672"]
[PlyCount "108"]
[EventDate "2014.??.??"]
[WhiteTeam "SK e4 Gerlingen"]
[BlackTeam "SK Schmiden/Cannstatt"]

1. Nf3 c5 2. e4 Nc6 3. d4 cxd4 4. Nxd4 d6 5. Nc3 Bd7 6. Be3 Nf6 7. Qd2 Ng4 8.
Bg5 Qb6 9. Nb3 Be6 10. h3 Nge5 11. Be3 Qd8 12. Nd5 Nd7 13. O-O-O Nf6 14. f3 Bd7
15. Kb1 e5 16. Bg5 Be6 17. Bxf6 gxf6 18. g4 h6 19. Be2 a6 20. Rhf1 Na7 21. f4
Bxd5 22. Qxd5 Qc7 23. fxe5 fxe5 24. Rf3 Rc8 25. c3 Rh7 26. Rdf1 Nc6 27. Qd2 Nd8
28. h4 Ne6 29. Nc1 Be7 30. Rh1 Nf4 31. Nd3 Ne6 32. Qe1 Qb6 33. Qf2 Qxf2 34.
Rxf2 f6 35. Nb4 Nf4 36. Nd5 Nxd5 37. exd5 Rc5 38. c4 b5 39. b3 bxc4 40. Bxc4 a5
41. a4 Rg7 42. Rg1 Bd8 43. Rf5 Rb7 44. Kc2 Rcc7 45. Kd3 Rh7 46. Rg3 Rh8 47. Rh5
Rg7 48. Ke4 Kf7 49. Kf5 Rg6 50. Be2 Bb6 51. Rc3 Bc5 52. Rg3 Rb8 53. Bc4 Rbg8
54. Be2 Rb8 1/2-1/2

[Event "Int. Stuttgarter Stadtmeisterschaft B"]
[Site "Ditzingen"]
[Date "2014.05.29"]
[Round "1.8"]
[White "Ku�mann, Alexander"]
[Black "Shahisavandi, Abdollah"]
[Result "0-1"]
[WhiteElo "1657"]
[BlackElo "1849"]
[PlyCount "104"]
[EventDate "2014.??.??"]
[WhiteTeam "SC Aidlingen"]
[BlackTeam "Karlsruher SF 1853"]

1. e3 e5 2. c4 Nf6 3. a3 Be7 4. Nc3 O-O 5. d4 exd4 6. Qxd4 Nc6 7. Qd1 d6 8. Nf3
Bg4 9. Be2 Re8 10. Bd2 Bf8 11. Qc2 a6 12. O-O g6 13. Rad1 Bg7 14. Bc1 Qe7 15.
Nd5 Nxd5 16. Rxd5 Bf5 17. Qb3 b6 18. Qa2 Be4 19. Rdd1 a5 20. b3 Ne5 21. Nxe5
Qxe5 22. f4 Qf5 23. Bf3 Bb1 24. Qe2 Rad8 25. g4 Qc2 26. Rd2 Qxb3 27. Re1 Be4
28. Bxe4 Rxe4 29. Qd3 Qxd3 30. Rxd3 Rxc4 31. h3 Re8 32. Kf2 Ree4 33. Kf3 Ra4
34. Re2 Rec4 35. Bb2 Bxb2 36. Rxb2 Kf8 37. Rbb3 Ke7 38. Rdc3 Ke6 39. Rxc4 Rxc4
40. e4 a4 41. Rd3 Rc1 42. Kg3 Rb1 43. Kf3 Rb3 44. Ke3 Rxd3+ 45. Kxd3 d5 46. e5
c5 47. Kc3 b5 48. Kc2 b4 49. Kb2 d4 50. axb4 cxb4 51. Kc2 b3+ 52. Kb2 Kd5 0-1

[Event "Int. Stuttgarter Stadtmeisterschaft B"]
[Site "Ditzingen"]
[Date "2014.05.29"]
[Round "1.9"]
[White "Schr�der, Stefan"]
[Black "Gorb, Eugeniusz"]
[Result "1-0"]
[WhiteElo "1845"]
[BlackElo "1657"]
[PlyCount "120"]
[EventDate "2014.??.??"]
[WhiteTeam "EUROCOPTER SG Donauw�rth e.V."]
[BlackTeam "SK Sachsenheim"]

1. d4 d5 2. Nf3 Nf6 3. e3 e6 4. Bd3 c5 5. c3 Nc6 6. Nbd2 Bd6 7. dxc5 Bxc5 8.
O-O O-O 9. e4 Qc7 10. Qe2 b6 11. e5 Ng4 12. b4 Be7 13. Re1 f6 14. exf6 Bxf6 15.
Bb2 Nxb4 16. cxb4 Bxb2 17. Rab1 Bf6 18. h3 Nh6 19. Rbc1 Qd6 20. a3 Nf7 21. Ne4
Qe7 22. Nxf6+ Qxf6 23. Rc7 a6 24. Rec1 b5 25. Qc2 g6 26. Qe2 e5 27. R1c6 Be6
28. Nd4 Rfe8 29. Nxe6 Rxe6 30. Qc2 e4 31. Rxe6 Qxe6 32. Be2 Ne5 33. Qc3 Rd8 34.
Bg4 Qf6 35. Rc8 Rxc8 36. Qxc8+ Kg7 37. Qb7+ Qf7 38. Qxa6 Nxg4 39. hxg4 Qd7 40.
g5 d4 41. Qf6+ Kg8 42. Qf4 d3 43. Qd2 Qd4 44. Kf1 Kf7 45. Qa2+ Ke7 46. Qd2 Ke6
47. g3 Qa1+ 48. Qe1 Qxe1+ 49. Kxe1 Kf5 50. Kd2 Kxg5 51. a4 bxa4 52. b5 a3 53.
b6 a2 54. b7 a1=Q 55. b8=Q Qa2+ 56. Ke3 Qe2+ 57. Kd4 Qxf2+ 58. Kxe4 Qf5+ 59.
Ke3 Kg4 60. Qc7 Qf3+ 1-0

[Event "Int. Stuttgarter Stadtmeisterschaft B"]
[Site "Ditzingen"]
[Date "2014.05.29"]
[Round "1.10"]
[White "Hartmann, Christian"]
[Black "Behm, Wilfried"]
[Result "1/2-1/2"]
[WhiteElo "1650"]
[BlackElo "1844"]
[PlyCount "109"]
[EventDate "2014.??.??"]
[WhiteTeam "SC Tarrasch 45 M�nchen"]
[BlackTeam "SV Stuttgart-Wolfbusch 1956 e.V."]

1. e4 e6 2. d4 d5 3. Nc3 Nf6 4. e5 Nfd7 5. f4 c5 6. Nf3 Nc6 7. Be3 Be7 8. Qd2
a6 9. a4 c4 10. Ne2 Qb6 11. c3 Na5 12. Nc1 Qc7 13. Be2 Nb6 14. Bd1 Bd7 15. Bc2
Bc6 16. Qd1 Nd7 17. O-O b5 18. Bd2 Nb6 19. axb5 axb5 20. b4 cxb3 21. Nxb3 Nxb3
22. Rxa8+ Bxa8 23. Bxb3 O-O 24. Qe2 Nc4 25. Ne1 Bb7 26. Nc2 Rc8 27. Be1 Qb6 28.
Ba2 Ba6 29. Qf2 Qa5 30. Nb4 Bb7 31. Bb1 Qc7 32. Bd3 Qb6 33. h3 Na5 34. Qb2 Nc4
35. Qe2 Bxb4 36. cxb4 Qxd4+ 37. Kh1 Ra8 38. Rf3 Ra1 39. Kh2 Qa7 40. Bf2 Qa2 41.
Qxa2 Rxa2 42. Bd4 Bc6 43. f5 exf5 44. Rxf5 Ra8 45. Rf2 Ra4 46. Bc2 Ra8 47. Re2
Re8 48. Bd3 Rb8 49. Bc3 Nb6 50. Bd4 Bd7 51. Kg3 Be6 52. Ra2 Nc4 53. Kh2 g6 54.
Kg3 Kg7 55. Kf4 1/2-1/2

[Event "Int. Stuttgarter Stadtmeisterschaft B"]
[Site "Ditzingen"]
[Date "2014.05.29"]
[Round "1.11"]
[White "Winkler, Tim"]
[Black "Petitto, Francesco"]
[Result "1-0"]
[WhiteElo "1827"]
[BlackElo "1647"]
[PlyCount "31"]
[EventDate "2014.??.??"]
[WhiteTeam "SF Deizisau"]
[BlackTeam "SK Sontheim/Brenz e.V."]

1. e4 e6 2. d4 d5 3. exd5 exd5 4. Bd3 Bd6 5. Nf3 Bg4 6. Be3 Nf6 7. Nbd2 O-O 8.
c3 Re8 9. O-O Nbd7 10. Qc2 c6 11. Rfe1 Nf8 12. Bg5 Rxe1+ 13. Rxe1 h6 14. Bh4
Ne6 15. Ne5 Be7 16. Bxf6 1-0

[Event "Int. Stuttgarter Stadtmeisterschaft B"]
[Site "Ditzingen"]
[Date "2014.05.29"]
[Round "1.12"]
[White "Debeljak, Anton"]
[Black "Wezel, Sebastian"]
[Result "1-0"]
[WhiteElo "1637"]
[BlackElo "1843"]
[PlyCount "79"]
[EventDate "2014.??.??"]
[BlackTeam "SV Dettingen Erms"]

1. e4 c5 2. Bc4 Nc6 3. Nc3 e6 4. a3 g6 5. d3 Bg7 6. Bd2 d6 7. Nge2 a6 8. Qc1
Bd7 9. O-O Nd4 10. Nxd4 cxd4 11. Ne2 Rc8 12. Qd1 Bc6 13. f3 Ne7 14. Bb3 Bd7 15.
Rc1 Nc6 16. Qe1 O-O 17. Ng3 Ne7 18. Bg5 h6 19. Bd2 e5 20. f4 Be6 21. f5 Bxb3
22. cxb3 Nc6 23. Qf2 Re8 24. f6 Bf8 25. Nh1 Re6 26. Qh4 Bg7 27. Qh3 Bxf6 28.
Bxh6 Bg5 29. Rc2 Bxh6 30. Qxh6 Qf8 31. Qg5 Qe7 32. Qg4 Kg7 33. Ng3 Kf8 34. Rcf2
Nd8 35. h4 Ke8 36. h5 Kd7 37. hxg6 fxg6 38. Rf6 Rc2 39. Rxg6 Kc7 40. Rg7 1-0

[Event "Int. Stuttgarter Stadtmeisterschaft B"]
[Site "Ditzingen"]
[Date "2014.05.29"]
[Round "1.13"]
[White "Kozina, Vinko"]
[Black "Peters, Theresa"]
[Result "1/2-1/2"]
[WhiteElo "1842"]
[BlackElo "1636"]
[PlyCount "46"]
[EventDate "2014.??.??"]
[WhiteTeam "TSV/RSK Esslingen"]
[BlackTeam "SC Hechingen"]

1. e4 c5 2. Nf3 a6 3. d4 cxd4 4. Nxd4 Nf6 5. Nc3 e5 6. Nb3 Bb4 7. Bd3 d5 8. O-O
Bxc3 9. bxc3 dxe4 10. Be2 O-O 11. Bg5 Nbd7 12. Qd6 Re8 13. Rad1 Qe7 14. Qc7 h6
15. Be3 b5 16. Rd6 Nf8 17. Qxe7 Rxe7 18. Rd8 Rd7 19. Rd1 Rxd1+ 20. Bxd1 Bb7 21.
Rxa8 Bxa8 22. Nc5 a5 23. Be2 Bc6 1/2-1/2

[Event "Int. Stuttgarter Stadtmeisterschaft B"]
[Site "Ditzingen"]
[Date "2014.05.29"]
[Round "1.14"]
[White "Mayer, Markus"]
[Black "Jantos, Stefan"]
[Result "0-1"]
[WhiteElo "1631"]
[BlackElo "1840"]
[PlyCount "86"]
[EventDate "2014.??.??"]
[WhiteTeam "SC Erdmannhausen"]
[BlackTeam "SF Oeffingen e.V."]

1. d4 Nf6 2. c4 c5 3. e3 cxd4 4. exd4 d5 5. Nc3 e6 6. Nf3 Nc6 7. Bg5 Be7 8. Be2
dxc4 9. Bxc4 O-O 10. O-O b6 11. Re1 Na5 12. Bb5 a6 13. Ba4 Bb7 14. Ne5 b5 15.
Bc2 Nd5 16. Qh5 g6 17. Nxg6 Bxg5 18. Nxf8 Kxf8 19. Ne4 h6 20. h4 Nf6 21. Nxf6
Bxf6 22. Qxh6+ Bg7 23. Qf4 Qxd4 24. Qc7 Qd8 25. Qf4 Rc8 26. Rad1 Qc7 27. Qb4+
Kg8 28. Rc1 Nc6 29. Qc5 Qe7 30. Qh5 Nd4 31. Bh7+ Kf8 32. Rcd1 Qc5 33. Qg4 Qb6
34. h5 Rc4 35. Qg3 Qc7 36. Qd3 Nc2 37. Qe2 Nxe1 38. Qxe1 Qc6 39. f3 Qc5+ 40.
Kh1 Qxh5+ 41. Kg1 Qxh7 42. b3 Bd4+ 43. Kf1 Qh1+ 0-1

[Event "Int. Stuttgarter Stadtmeisterschaft B"]
[Site "Ditzingen"]
[Date "2014.05.29"]
[Round "1.15"]
[White "R�hl, Volker"]
[Black "Wraga, Teresa"]
[Result "1-0"]
[WhiteElo "1831"]
[BlackElo "1622"]
[PlyCount "53"]
[EventDate "2014.??.??"]
[WhiteTeam "VfL Sindelfingen"]
[BlackTeam "SG Osnabr�ck"]

1. e4 d6 2. d4 Nf6 3. Nc3 g6 4. f4 Bg7 5. Nf3 O-O 6. Be2 c5 7. d5 a6 8. a4 b6
9. O-O Nbd7 10. Bd2 Qc7 11. b3 Bb7 12. Qe1 Nxe4 13. Nxe4 Bxa1 14. Qxa1 Bxd5 15.
Nc3 Nf6 16. Qe1 Bxf3 17. Rxf3 d5 18. Qh4 d4 19. Nd1 Qd6 20. f5 Qe5 21. Bd3 a5
22. Bf4 Qd5 23. Bh6 Rfd8 24. Bg5 Rd6 25. Bxf6 exf6 26. fxg6 fxg6 27. Bc4 1-0

[Event "Int. Stuttgarter Stadtmeisterschaft B"]
[Site "Ditzingen"]
[Date "2014.05.29"]
[Round "1.16"]
[White "Steinmassl, Guido"]
[Black "Pudmensky, Stefan"]
[Result "0-1"]
[WhiteElo "1617"]
[BlackElo "1829"]
[PlyCount "104"]
[EventDate "2014.??.??"]
[WhiteTeam "SK e4 Gerlingen"]
[BlackTeam "SF Oeffingen e.V."]

1. d4 Nf6 2. c4 e6 3. Nf3 d5 4. e3 c6 5. a3 Be7 6. Nc3 Nbd7 7. Bd3 O-O 8. Rb1
dxc4 9. Bxc4 b5 10. Bd3 a6 11. Qc2 c5 12. O-O Bb7 13. Ng5 g6 14. dxc5 Nxc5 15.
Rd1 Qc7 16. Nce4 Nfxe4 17. Nxe4 Qc6 18. f3 Nxd3 19. Qxd3 Rfd8 20. Qe2 Rxd1+ 21.
Qxd1 Qc4 22. b3 Qc7 23. Nf2 Rd8 24. Qe1 Bd6 25. f4 e5 26. Bb2 Qc6 27. Qf1 exf4
28. exf4 Bxf4 29. Ng4 f5 30. Nf6+ Kf7 31. Re1 Qxg2+ 32. Qxg2 Bxg2 33. Nxh7 Be4
34. Bc1 Bxh2+ 35. Kf2 Kg7 36. Ng5 Rd3 37. Nxe4 fxe4 38. Rxe4 Rxb3 39. Re7+ Kf6
40. Ra7 Bd6 41. Rxa6 Ke5 42. Ra8 Bc5+ 43. Ke2 Kd4 44. Rd8+ Kc4 45. Rc8 Rc3 46.
Bh6 Kb3 47. Rc6 Kxa3 48. Bf8 Kb4 49. Bxc5+ Rxc5 50. Rxg6 Rd5 51. Rg3 Ka4 52.
Re3 b4 0-1

[Event "Int. Stuttgarter Stadtmeisterschaft B"]
[Site "Ditzingen"]
[Date "2014.05.29"]
[Round "1.17"]
[White "Fais, Sami"]
[Black "Günay, Nuri"]
[Result "1-0"]
[WhiteElo "1827"]
[BlackElo "1611"]
[PlyCount "65"]
[EventDate "2014.??.??"]
[WhiteTeam "VfL Sindelfingen"]
[BlackTeam "SK Sachsenheim"]

1. d4 d5 2. c4 e6 3. Nc3 Nf6 4. Bg5 Nbd7 5. e3 c6 6. Bd3 dxc4 7. Bxc4 b5 8. Bd3
Bb7 9. Nf3 Be7 10. Qc2 a6 11. Bxf6 Nxf6 12. a3 O-O 13. Ne4 Nxe4 14. Bxe4 h6 15.
Ne5 Rc8 16. O-O Qb6 17. Nd7 Qa7 18. Nxf8 Bxf8 19. Rfc1 Bd6 20. b4 a5 21. Qd2
axb4 22. axb4 Qb8 23. g3 e5 24. dxe5 Bxe5 25. Ra2 Rd8 26. Qe2 Qd6 27. Rac2 Qxb4
28. Bxc6 Bxc6 29. Rxc6 Rd2 30. Rc8+ Kh7 31. Qh5 Qe7 32. R1c2 Rd1+ 33. Qxd1 1-0

[Event "Int. Stuttgarter Stadtmeisterschaft B"]
[Site "Ditzingen"]
[Date "2014.05.29"]
[Round "1.18"]
[White "Pietzka, Martin"]
[Black "Wraga, Hermann"]
[Result "1-0"]
[WhiteElo "1805"]
[BlackElo "1609"]
[PlyCount "83"]
[EventDate "2014.??.??"]
[WhiteTeam "SV Nürtingen 1920"]
[BlackTeam "SG Osnabrück"]

1. e4 d6 2. d4 Nf6 3. Nc3 g6 4. h3 Bg7 5. Nf3 a6 6. a3 b5 7. Be2 O-O 8. O-O
Nbd7 9. Be3 Bb7 10. d5 c6 11. Qd2 c5 12. Bd3 Re8 13. Rfe1 Qc7 14. Rad1 Rac8 15.
Bf4 Rcd8 16. Bf1 Nb6 17. Bh2 Nfd7 18. Qf4 Ne5 19. Qh4 Nxf3+ 20. gxf3 Bf6 21.
Qh6 Bg7 22. Qe3 Nd7 23. f4 Bc8 24. e5 Nf8 25. Bd3 Bh6 26. Qf3 dxe5 27. fxe5 Qd7
28. e6 fxe6 29. dxe6 Nxe6 30. Bxg6 Rf8 31. Bxh7+ Kh8 32. Be5+ Ng7 33. Rxd7 Bxd7
34. Qh5 Kxh7 35. Bxg7 Kxg7 36. Rxe7+ Kf6 37. Qe5+ Kg6 38. h4 Rf5 39. Qd6+ Rf6
40. Qg3+ Kh5 41. Rg7 Bf5 42. Rg5+ 1-0

[Event "Int. Stuttgarter Stadtmeisterschaft B"]
[Site "Ditzingen"]
[Date "2014.05.29"]
[Round "1.19"]
[White "Pfeilsticker, Thorsten"]
[Black "Pocrnic, Josip"]
[Result "0-1"]
[WhiteElo "1609"]
[BlackElo "1805"]
[PlyCount "42"]
[EventDate "2014.??.??"]
[WhiteTeam "SV Stuttgart-Wolfbusch 1956 e.V."]
[BlackTeam "SF 1954 Conweiler e.V."]

1. d4 Nf6 2. e3 d5 3. Bd3 g6 4. Nd2 Bg7 5. f4 Bg4 6. Ngf3 Nbd7 7. c3 c5 8. O-O
O-O 9. h3 Bxf3 10. Qxf3 e6 11. g4 b6 12. Qf2 h5 13. g5 Ne8 14. Nf3 Nd6 15. Kh1
Qc7 16. Qg2 Rac8 17. Nh4 Qc6 18. Nxg6 fxg6 19. Bxg6 h4 20. Qg4 Nf5 21. Qh5 Ng3+
0-1

[Event "Int. Stuttgarter Stadtmeisterschaft B"]
[Site "Ditzingen"]
[Date "2014.05.29"]
[Round "1.20"]
[White "Rieder, Josef"]
[Black "Petzelberger, Ferdinand"]
[Result "1-0"]
[WhiteElo "1803"]
[BlackElo "1591"]
[PlyCount "115"]
[EventDate "2014.??.??"]
[WhiteTeam "Stuttgarter SF 1879"]
[BlackTeam "VfL Sindelfingen"]

1. e4 c6 2. d4 d5 3. Nc3 dxe4 4. Nxe4 Bf5 5. Ng3 Bg6 6. Nf3 Nd7 7. Bd3 Ngf6 8.
O-O e6 9. Bg5 Bxd3 10. Qxd3 Be7 11. Rfe1 O-O 12. c4 Qc7 13. Rec1 h6 14. Bd2
Rfd8 15. Qe2 Bf8 16. h3 Rac8 17. a3 c5 18. b4 b6 19. Bc3 cxb4 20. Bxb4 Nb8 21.
d5 Bxb4 22. axb4 exd5 23. cxd5 Qxc1+ 24. Rxc1 Rxc1+ 25. Kh2 Nxd5 26. Nf5 Nf6
27. Qb2 Rcd1 28. Nxh6+ gxh6 29. Qxf6 R1d6 30. Qf4 Nc6 31. h4 Kg7 32. Qc4 a5 33.
bxa5 bxa5 34. h5 Ra8 35. Qg4+ Kf8 36. Qa4 Nb4 37. Qa1 Kg8 38. Nh4 Rd5 39. g4 a4
40. Nf5 Rxf5 41. gxf5 a3 42. f6 Ra5 43. Qe1 Rxh5+ 44. Kg2 Rg5+ 45. Kh3 a2 46.
Qe8+ Kh7 47. Qxf7+ Kh8 48. Qf8+ Kh7 49. Qa8 Rg1 50. Qa7+ Kg8 51. Qe7 a1=Q 52.
f7+ Kh7 53. f8=Q+ Rg7 54. Qf5+ Kh8 55. Qff8+ Kh7 56. Qf5+ Kh8 57. Qef8+ Rg8 58.
Qxh6# 1-0

[Event "Int. Stuttgarter Stadtmeisterschaft B"]
[Site "Ditzingen"]
[Date "2014.05.29"]
[Round "1.21"]
[White "Bausch, Raimund"]
[Black "Piskaykin, Bogdan"]
[Result "1-0"]
[WhiteElo "1608"]
[BlackElo "1672"]
[PlyCount "135"]
[EventDate "2014.??.??"]
[WhiteTeam "Stuttgarter SF 1879"]
[BlackTeam "SV Friedrichshafen"]

1. c4 Nf6 2. Nc3 c5 3. g3 d5 4. cxd5 Nxd5 5. Bg2 Nc7 6. Nf3 Nc6 7. O-O e5 8. d3
Be7 9. Qc2 f6 10. Ne4 Nb4 11. Qc3 Be6 12. Nxc5 Bxc5 13. Qxc5 Ncd5 14. e4 Qb6
15. Qxb6 Nxb6 16. b3 Nxd3 17. Ba3 Nd7 18. Rfd1 N3c5 19. Rd6 Kf7 20. Nd2 b6 21.
Bf1 Ke7 22. Rd3 Kf7 23. Rc3 Rac8 24. f3 Nb8 25. Rac1 Rhd8 26. Nc4 Nc6 27. Kg2
Nd4 28. b4 Nb7 29. Ne3 b5 30. Nd5 Rxc3 31. Rxc3 Nd6 32. Rc7+ Rd7 33. Rxd7+ Bxd7
34. Bc1 g6 35. a3 f5 36. Bd3 fxe4 37. fxe4 Bg4 38. Kf2 Bd1 39. Bb2 Nc4 40. Bxc4
bxc4 41. Ne3 Bb3 42. Ng4 Nb5 43. Nxe5+ Ke8 44. Ke3 c3 45. Bc1 Bc2 46. Nc6 Nd6
47. Kd4 Bxe4 48. Nxa7 c2 49. Nb5 Nxb5+ 50. Kxe4 Kd7 51. Kd3 Kc6 52. Kxc2 Nd4+
53. Kd3 Nf3 54. h4 Kb5 55. Ke4 Ne1 56. Kd5 Nd3 57. Bf4 Nb2 58. Ke6 Ka4 59. Kf7
Nc4 60. Bc1 Ne5+ 61. Kf6 Nd3 62. Bf4 Kxa3 63. b5 Ka4 64. b6 Nc5 65. Kg7 Kb5 66.
Kxh7 g5 67. Bxg5 Kxb6 68. Be3 1-0

[Event "Int. Stuttgarter Stadtmeisterschaft B"]
[Site "Ditzingen"]
[Date "2014.05.29"]
[Round "1.22"]
[White "Graf, Maximilian"]
[Black "Awiszus, Thomas"]
[Result "1-0"]
[WhiteElo "1796"]
[BlackElo "1605"]
[PlyCount "29"]
[EventDate "2014.??.??"]
[WhiteTeam "SK e4 Gerlingen"]
[BlackTeam "SK Schmiden/Cannstatt"]

1. e4 e6 2. d4 b5 3. Bxb5 Bb7 4. Bd3 f5 5. exf5 Bxg2 6. Qh5+ g6 7. fxg6 Nf6 8.
g7+ Nxh5 9. gxh8=Q Qf6 10. Qxh7 Nf4 11. Bxf4 Qxf4 12. Qg6+ Kd8 13. Ne2 Qf3 14.
Rg1 Bh3 15. Be4 1-0

[Event "Int. Stuttgarter Stadtmeisterschaft B"]
[Site "Ditzingen"]
[Date "2014.05.29"]
[Round "1.23"]
[White "Walter, Stefan"]
[Black "Bausch, Jean"]
[Result "0-1"]
[WhiteElo "1599"]
[BlackElo "1791"]
[PlyCount "140"]
[EventDate "2014.??.??"]
[WhiteTeam "DJK Stuttgart-Süd"]
[BlackTeam "SC Unterhaching e.V."]

1. d4 Nf6 2. c4 e6 3. Nc3 Be7 4. e4 d6 5. Nf3 O-O 6. Be2 b6 7. O-O Bb7 8. Qc2
d5 9. e5 Nfd7 10. cxd5 exd5 11. Qb3 c6 12. Bf4 Re8 13. Rac1 Nf8 14. Rfd1 Ne6
15. Bg3 Nd7 16. a3 Ndf8 17. Bd3 Ng6 18. Qc2 Bg5 19. Bxg6 hxg6 20. Nxg5 Qxg5 21.
Qd2 Rac8 22. b4 Ba6 23. a4 Bc4 24. Qxg5 Nxg5 25. f4 Ne6 26. Ne4 Bb3 27. Nd6
Bxd1 28. Rxd1 Red8 29. Nxc8 Rxc8 30. Kf2 Kf8 31. Ke3 Ke8 32. Be1 Kd7 33. g3 f6
34. h4 Rh8 35. Bf2 b5 36. axb5 cxb5 37. Ra1 Ra8 38. Ra6 Ke7 39. Kd3 Nc7 40. Ra3
a6 41. g4 Kd7 42. Bg3 Ne6 43. f5 gxf5 44. gxf5 Nd8 45. e6+ Ke8 46. h5 Nc6 47.
Be1 Ne7 48. Rc3 Nxf5 49. Rc5 Ne7 50. Bg3 Rc8 51. Bd6 Rxc5 52. dxc5 Nc6 53. Kc3
d4+ 54. Kb3 Nd8 55. e7 Nc6 56. Ka3 Nxe7 57. Bf4 Nd5 58. Bd2 Kd7 59. Kb3 f5 60.
Kc2 Ke6 61. Kd3 Ke5 62. Be1 Nf4+ 63. Kd2 Nxh5 64. Bh4 Kd5 65. Bg5 f4 66. Kd3 f3
67. Bh4 Nf4+ 68. Kd2 Kc4 69. Bf2 g5 70. Bg3 Kxb4 0-1

[Event "Int. Stuttgarter Stadtmeisterschaft B"]
[Site "Ditzingen"]
[Date "2014.05.29"]
[Round "1.24"]
[White "Schreiber, Stephan"]
[Black "Gottwald, Helmut"]
[Result "1-0"]
[WhiteElo "1779"]
[BlackElo "1597"]
[PlyCount "110"]
[EventDate "2014.??.??"]
[WhiteTeam "SC Schachmatt Botnang"]
[BlackTeam "SV Dicker Turm Esslingen"]

1. d4 Nf6 2. Bf4 e6 3. e3 d5 4. Bd3 c5 5. c3 cxd4 6. exd4 Qb6 7. Qb3 Qxb3 8.
axb3 Be7 9. Bxb8 Rxb8 10. Rxa7 O-O 11. Nf3 Bd6 12. O-O b5 13. Nbd2 b4 14. c4
dxc4 15. bxc4 Bb7 16. b3 Rfd8 17. Re1 Bf4 18. Ne4 Nd7 19. Rd1 Bxe4 20. Bxe4 Ne5
21. g3 Nxf3+ 22. Bxf3 Bg5 23. Ra2 Bf6 24. Rad2 Rd6 25. d5 Bc3 26. Rd3 Rbd8 27.
c5 Ra6 28. dxe6 Rxd3 29. exf7+ Kxf7 30. Rxd3 Ra1+ 31. Kg2 Ke7 32. c6 Rc1 33.
Rd7+ Ke8 34. Rb7 Be5 35. Rxb4 Kd8 36. Rb7 Rb1 37. b4 Kc8 38. Bg4+ Kd8 39. Rd7+
Ke8 40. c7 Bxc7 41. Rxc7 Rxb4 42. Rxg7 Kf8 43. Rg5 h6 44. Rf5+ Kg7 45. Bh5 Rd4
46. Rf7+ Kg8 47. Ra7 Rd6 48. f4 Rd2+ 49. Kf3 Rd3+ 50. Kg4 Rd4 51. Bg6 Rd2 52.
h4 Rd6 53. Kf5 Rd2 54. h5 Rd6 55. Ke5 Rd2 1-0

[Event "Int. Stuttgarter Stadtmeisterschaft B"]
[Site "Ditzingen"]
[Date "2014.05.29"]
[Round "1.25"]
[White "Michna, Marcus"]
[Black "Blum, Michael"]
[Result "1-0"]
[WhiteElo "1774"]
[BlackElo "1594"]
[PlyCount "59"]
[EventDate "2014.??.??"]
[WhiteTeam "TSF Ditzingen"]
[BlackTeam "SC Aidlingen"]

1. d4 Nf6 2. c4 g6 3. Nc3 Bg7 4. e4 d6 5. f3 O-O 6. Be3 b6 7. Qd2 Bb7 8. Nh3 c5
9. O-O-O Nc6 10. d5 Ne5 11. Nf2 Ne8 12. Bh6 f5 13. Bxg7 Kxg7 14. f4 Nd7 15.
exf5 Rxf5 16. g4 Rf7 17. Nfe4 h6 18. Bd3 Nc7 19. h4 b5 20. h5 bxc4 21. hxg6 Rf8
22. Bxc4 Rh8 23. Ng3 Ba6 24. Bxa6 Nxa6 25. Nh5+ Kg8 26. Qe2 Nc7 27. Nb5 e5 28.
dxe6 Nxb5 29. exd7 Nc7 30. Rxd6 1-0